[Event "e2e4 Sunningdale Open"]
[Site "Ascot ENG"]
[Date "2011.05.30"]
[Round "6"]
[White "Michielsen,J"]
[Black "Arnott,J"]
[Result "1-0"]
[WhiteElo "2338"]
[BlackElo "2177"]

1.e4 e6 2.d4 d5 3.Nc3 Nf6 4.e5 Nfd7 5.f4 c5 6.Nf3 Nc6 7.Be3 Be7 8.Qd2 a6
9.dxc5 Bxc5 10.O-O-O b5 11.Bxc5 Nxc5 12.Bd3 b4 13.Ne2 Nxd3+ 14.Qxd3 a5 15.Nfd4 Nxd4
16.Nxd4 Ba6 17.Qh3 O-O 18.g4 Qc7 19.Rhe1 a4 20.Kb1 b3 21.cxb3 axb3 22.a3 Bc4
23.f5 Qe7 24.Qg2 Ra6 25.Qf2 Qg5 26.Rg1 Rfa8 27.Rg3 Qd8 28.Rf3 Qc7 29.Qe3 Qc5
30.Qd2 exf5 31.gxf5 Qe7 32.e6 fxe6 33.fxe6 Rxe6 34.Nxe6 Qxe6 35.Re1 Qg6+
36.Ka1 h6 37.Qd4 Qd6 38.Rg1 Qe7 39.Rfg3 g5 40.R3g2 Re8 41.Qd2 Qe4 42.h4 Qxh4
43.Rh2 Qe4 44.Rxh6 Qe3 45.Rxg5+ Kf7 46.Rf5+ Kg7 47.Qxe3 Rxe3 48.Rh1 Kg6 49.Rf2 Rg3
50.Kb1 Kg5 51.Kc1 d4 52.Re1 Bd3 53.Re5+ Kg6 54.Rd5 Rg4 55.Rd2 Bc2 56.R2xd4 Rg2
57.Re5 Bf5 58.Rd6+ Kg5 59.Rdd5 Rf2 60.Rxf5+  1-0

[Event "5th Wunsiedel Open 2011"]
[Site "Wunsiedel GER"]
[Date "2011.06.02"]
[Round "2"]
[White "Danin,A"]
[Black "Jandke,M"]
[Result "0-1"]
[WhiteElo "2534"]
[BlackElo "2190"]

1.e4 e6 2.d4 d5 3.Nc3 Nf6 4.e5 Nfd7 5.f4 c5 6.Nf3 Nc6 7.Be3 a6 8.Qd2 b5 9.dxc5 Bxc5
10.Ne2 Qb6 11.Bxc5 Qxc5 12.Ned4 Ndb8 13.Nb3 Qb6 14.Qf2 Qxf2+ 15.Kxf2 Bd7
16.Bd3 Ke7 17.Rhe1 Rc8 18.Ke3 a5 19.Nbd4 Nb4 20.Rec1 Nxd3 21.cxd3 Na6 22.Kd2 a4
23.Ne1 f6 24.Nef3 b4 25.Rxc8 Rxc8 26.Rc1 Rxc1 27.Kxc1 Kd8 28.Kd2 Kc7 29.Ng1 Kb6
30.Nge2 Nc5 31.Ke3 Be8 32.g4 fxe5 33.fxe5 Bf7 34.h4 Nd7 35.Nf3 a3 36.bxa3 bxa3
37.Kd4 Kb5 38.Ne1 Nb8 39.Kc3 Bg6 40.Nd4+ Ka4 41.Nxe6 Nc6 42.h5 Bf7 43.Nc5+ Kb5
44.d4 Nxe5 45.dxe5 Kxc5 46.Nd3+ Kc6 47.Kb4 d4 48.Kxa3 Kd5 49.Kb4 Ke4 50.e6 Bxe6
51.Nc5+ Ke3 52.Nxe6 d3 53.Kc3 d2 54.Kc2 Ke2 55.Nd4+  0-1

[Event "TCh-BIH 2011"]
[Site "Neum BIH"]
[Date "2011.06.04"]
[Round "1.3"]
[White "Brenjo,S"]
[Black "Kosic,D"]
[Result "1/2-1/2"]
[WhiteElo "2521"]
[BlackElo "2485"]

1.e4 e6 2.d4 d5 3.Nc3 Nf6 4.e5 Nfd7 5.f4 c5 6.Nf3 Nc6 7.Be3 a6 8.Qd2 b5 9.Be2 Bb7
10.O-O g6 11.Kh1 Rc8 12.a3 Be7 13.Nd1 cxd4 14.Nxd4 Nc5 15.Nf2 O-O 16.Bd3 f5
17.exf6 Bxf6 18.Nxc6 Rxc6 19.Bxc5 Rxc5 20.Rab1 Bg7 21.Ng4 Qd6 22.Ne5 d4 23.Ng4 Rc7
24.Rbe1 Rcf7 25.h3 Rxf4 26.Rxf4 Rxf4 27.Rxe6 Bxg2+ 28.Kxg2 Rxg4+ 29.hxg4 Qxe6
30.Qe2 Qxe2+ 31.Bxe2 d3 32.Bxd3 Bxb2 33.c4 Bxa3 34.cxb5 a5 35.Kf3 Bd6 36.Bc2 Kf7
37.Ke4 Ke6 38.Bb3+ Kd7 39.Bg8 h5 40.gxh5 gxh5 41.b6 Kc6 42.Kf3  1/2-1/2

[Event "5th Wunsiedel Open 2011"]
[Site "Wunsiedel GER"]
[Date "2011.06.04"]
[Round "6"]
[White "Danin,A"]
[Black "Stopa,Ja"]
[Result "0-1"]
[WhiteElo "2534"]
[BlackElo "2460"]

1.e4 e6 2.d4 d5 3.Nc3 Nf6 4.e5 Nfd7 5.f4 c5 6.Nf3 Nc6 7.Be3 a6 8.Qd2 b5 9.dxc5 Bxc5
10.Ne2 Qb6 11.Bxc5 Nxc5 12.Ned4 Bd7 13.Bd3 O-O 14.Qe3 Nxd4 15.Nxd4 f6 16.exf6 Rxf6
17.O-O Raf8 18.g3 Nb7 19.Rae1 Nd6 20.Nf3 Qxe3+ 21.Rxe3 Nc4 22.Bxc4 bxc4 23.Rfe1 h6
24.Nd4 Rb8 25.b3 cxb3 26.axb3 Rc8 27.Re5 Rc7 28.R1e3 Bc8 29.h4 a5 30.c3 Kh7
31.Kf2 Ra7 32.Kf3 a4 33.bxa4 Rxa4 34.Nxe6 Bxe6 35.Rxe6 Rxe6 36.Rxe6 Rc4 37.Re3 d4
38.cxd4 Rxd4 39.f5 Kg8 40.Re4 Rd1 41.Kg4 Kf7 42.Kh5 Rf1 43.g4 Rh1 44.Ra4 Rg1
45.Ra7+ Kf6 46.Rb7 Rg2 47.Rb6+ Kf7 48.g5 hxg5 49.hxg5 Rh2+ 50.Kg4 Rg2+ 51.Kh4 Rh2+
52.Kg3 Rh1 53.Rb7+ Kf8 54.Kg4 Rh2 55.Rb8+ Ke7 56.Rb3 Rh1 57.Rb8 Rh2 58.Rb7+ Kf8
59.Rc7 Rh1 60.Rd7 Rh2 61.g6 Rg2+ 62.Kf3 Rg1 63.Rf7+ Kg8 64.Ke4 Ra1 65.Rc7 Kf8
66.Rf7+ Kg8 67.Rd7 Kf8 68.Ke5 Re1+ 69.Kd6 Rd1+ 70.Kc7 Rf1 71.Rf7+ Kg8 72.Kd8 Rd1+
73.Rd7 Rf1 74.Rf7 Rf2 75.Ke8 Re2+ 76.Re7 Rf2 77.Re5 Rf1 78.Ke7 Ra1 79.Rc5 Re1+
80.Kd7 Rd1+ 81.Ke6 Re1+ 82.Re5 Ra1 83.Rd5 Re1+ 84.Kd7 Kf8 85.Kd6 Ra1 86.Rd4 Rf1
87.Rd5 Ra1 88.Rd4 Rf1 89.Rb4 Rd1+ 90.Ke5 Re1+ 91.Re4 Rf1 92.Ke6 Ra1 93.Ke5 Ra5+
94.Kf4 Ra1 95.Re5 Ra4+ 96.Kg5 Ra1 97.Re4 Rg1+ 98.Rg4 Ra1 99.Rh4 Rg1+ 100.Kf4 Kg8
101.Rh3 Rf1+ 102.Rf3 Ra1 103.Rc3 Rf1+ 104.Rf3 Ra1 105.Rd3 Rf1+ 106.Ke5 Re1+
107.Kd6 Rf1 108.Ke7 Re1+ 109.Kd8 Re5 110.Rf3 Kf8 111.Kd7 Ra5 112.Rc3 Ra7+
113.Rc7 Rxc7+ 114.Kxc7 Ke7 115.Kc6 Kf6 116.Kd5 Kxf5 117.Kd4 Kxg6 118.Ke4 Kg5
119.Kf3 Kh4 120.Kg2 Kg4 121.Kh2  0-1

[Event "FSGM June"]
[Site "Budapest HUN"]
[Date "2011.06.05"]
[Round "2"]
[White "Szabo,Krisz1"]
[Black "Szablowski,P"]
[Result "1/2-1/2"]
[WhiteElo "2512"]
[BlackElo "2425"]

1.e4 e6 2.d4 d5 3.Nc3 Nf6 4.e5 Nfd7 5.f4 c5 6.Nf3 Nc6 7.Be3 cxd4 8.Nxd4 Bc5
9.Qd2 O-O 10.O-O-O a6 11.Kb1 Nxd4 12.Bxd4 b5 13.g4 b4 14.Ne2 a5 15.Bxc5 Nxc5
16.Bg2 Qb6 17.Nd4 a4 18.f5 b3 19.cxb3 axb3 20.a3 Ra4 21.f6 gxf6 22.Qh6 Rxd4
23.Rxd4 fxe5 24.Rxd5 f6 25.Rd2 e4 26.Qe3 f5 27.gxf5 exf5 28.Rg1 Kf7 29.Bxe4 fxe4
30.Rf2+ Ke8 31.Rxf8+ Kxf8 32.Qf4+ Ke8 33.Rg8+ Kd7 34.Qf7+ Kd6 35.Rxc8 Ne6
36.Qf1 Ke5 37.Rc3 Nf4 38.Qd1 e3 39.Rxb3 Qg6+ 40.Kc1 Qc6+ 41.Rc3 Qe4 42.Rc5+ Ke6
43.Rc8 Nd3+ 44.Kb1 Ne5+ 45.Rc2 Nf3 46.Kc1 Nd4 47.Rc8  1/2-1/2

[Event "5th Wunsiedel Open 2011"]
[Site "Wunsiedel GER"]
[Date "2011.06.05"]
[Round "7"]
[White "Stets,D"]
[Black "Danin,A"]
[Result "1/2-1/2"]
[WhiteElo "2488"]
[BlackElo "2534"]

1.e4 e6 2.d4 d5 3.Nc3 Nf6 4.e5 Nfd7 5.f4 c5 6.Nf3 Nc6 7.Be3 cxd4 8.Nxd4 Bc5
9.Qd2 O-O 10.O-O-O a6 11.h4 Nxd4 12.Bxd4 b5 13.Rh3 b4 14.Na4 Bxd4 15.Qxd4 a5
16.Bb5 Rb8 17.Bd3 Qc7 18.h5 Bb7 19.b3 Rfc8 20.Re1 Ba6 21.h6 g6 22.Re2 Bb5
23.Bxb5 Rxb5 24.Kb1 Nc5 25.Nxc5 Rxc5 26.Qf2 Qe7 27.Rd3 Rc3 28.Red2 a4 29.bxa4 Qc7
30.Rd4 Qe7 31.R4d3 Qc7 32.Rd4 Qc5 33.R4d3 Qc7  1/2-1/2

[Event "Lviv Open Championship"]
[Site "Lviv UKR"]
[Date "2011.06.11"]
[Round "4.2"]
[White "Liubarsky,Petro"]
[Black "Gorbach,O"]
[Result "0-1"]
[WhiteElo "2120"]
[BlackElo "1969"]

1.e4 e6 2.d4 d5 3.Nc3 Nf6 4.e5 Nfd7 5.f4 c5 6.Nf3 Nc6 7.Be3 cxd4 8.Nxd4 Bc5
9.Qd2 a6 10.O-O-O Nxd4 11.Bxd4 Bxd4 12.Qxd4 b5 13.g3 Qb6 14.Bg2 Qxd4 15.Rxd4 Bb7
16.a4 bxa4 17.Nxa4 Bc6 18.Kd2 Rb8 19.b3 Ke7 20.Ra1 g5 21.Nb2 gxf4 22.gxf4 Rhg8
23.Bf3 Rb6 24.Nd3 f6 25.Re1 fxe5 26.fxe5 Rg5 27.Rh4 Nf8 28.Rf1 Be8 29.c4 dxc4
30.bxc4 Bg6 31.Be4 Bxe4 32.Rxe4 Rg2+ 33.Kc3 Rxh2 34.Ref4 Ng6 35.Rf7+ Ke8
36.Rc7 Rh3 37.Kd4 Kd8 38.Rg7 Rc6 39.Rff7 Rxd3+ 40.Kxd3 Nxe5+ 41.Ke4 Nxf7
42.Rxf7 Rxc4+ 43.Ke5 Rc7 44.Rf8+ Ke7 45.Rh8 Rc5+ 46.Ke4 h5  0-1

[Event "Teplice Open"]
[Site "Teplice CZE"]
[Date "2011.06.11"]
[Round "1"]
[White "Vnoucek,P"]
[Black "Skara,V"]
[Result "0-1"]
[WhiteElo "1723"]
[BlackElo "2178"]

1.e4 e6 2.d4 d5 3.Nc3 Nf6 4.e5 Nfd7 5.f4 a6 6.Nf3 c5 7.Be3 Nc6 8.Qd2 b5 9.O-O-O Qb6
10.h4 Bb7 11.Rh3 cxd4 12.Nxd4 Bc5 13.Nce2 Na5 14.b3 Nc6 15.Nxc6 Bxc6 16.Nd4 a5
17.Nxc6 Qxc6 18.Bxc5 Nxc5 19.f5 Ne4 20.Qd4 Rc8 21.Bd3 exf5 22.Rf3 O-O 23.Rxf5 Nc3
24.Rdf1 Ne2+  0-1

[Event "Voronezh Master Open"]
[Site "Voronezh RUS"]
[Date "2011.06.15"]
[Round "4.38"]
[White "Khalukov,Y"]
[Black "Baraeva,I"]
[Result "1-0"]
[WhiteElo "2223"]
[BlackElo "2161"]

1.e4 e6 2.d4 d5 3.Nc3 Nf6 4.e5 Nfd7 5.f4 c5 6.Nf3 Nc6 7.Be3 a6 8.Qd2 b5 9.a3 Qb6
10.Ne2 Bb7 11.dxc5 Bxc5 12.Bxc5 Nxc5 13.Ned4 Rc8 14.Bd3 O-O 15.O-O b4 16.Qf2 h6
17.Nb3 Nb8 18.Nxc5 Rxc5 19.axb4 Qxb4 20.c3 Qb6 21.Nd4 Nd7 22.Rae1 Rc7 23.f5 Nc5
24.Bb1 exf5 25.Nxf5 Bc8 26.Kh1 Na4 27.Qc2 Bxf5 28.Rxf5 Qxb2 29.Qxa4 Qxc3
30.Ref1 Re7 31.Qxa6 Qc7 32.e6 Qb8 33.exf7+ Rexf7 34.Rxf7 Rxf7 35.Qe6  1-0

[Event "49th National Challengers ch-IND"]
[Site "Aurangabad IND"]
[Date "2011.06.16"]
[Round "1"]
[White "Shyam,N"]
[Black "Rishi,S"]
[Result "1-0"]
[WhiteElo "2412"]
[BlackElo "1947"]

1.e4 e6 2.d4 d5 3.Nc3 Nf6 4.e5 Nfd7 5.f4 c5 6.Nf3 Nc6 7.Be3 a6 8.Qd2 cxd4
9.Nxd4 Bc5 10.O-O-O O-O 11.Kb1 Nxd4 12.Bxd4 b5 13.Bxc5 Nxc5 14.Qd4 Qb6 15.Bd3 b4
16.Ne2 a5 17.Rhf1 Ba6 18.f5 Nd7 19.Qxb6 Nxb6 20.fxe6 fxe6 21.Rxf8+ Kxf8 22.Nd4 Ke7
23.Bxh7 Rh8 24.Bg6 Rxh2 25.Nc6+ Kf8 26.Rg1 Nd7 27.Bd3 Bxd3 28.cxd3 Nc5 29.Kc2 Nb7
30.Kb3 Nc5+ 31.Kc2 Nb7 32.d4 Ke8 33.Kb3 Kd7 34.Na7 Kc7 35.Ka4 Kb6 36.Nc8+ Kc7
37.Rc1+ Kb8 38.Nb6 Ka7 39.Kb5 Rh8 40.Rc7 Kb8 41.Rxg7 Nd8 42.Ka6 Re8 43.Ra7 Rg8
44.Ra8+ Kc7 45.Rc8+  1-0

[Event "Teplice Open"]
[Site "Teplice CZE"]
[Date "2011.06.17"]
[Round "7"]
[White "Tuma,Ja"]
[Black "Skara,V"]
[Result "1/2-1/2"]
[WhiteElo "2328"]
[BlackElo "2178"]

1.e4 e6 2.d4 d5 3.Nc3 Nf6 4.e5 Nfd7 5.Nce2 c5 6.f4 Nc6 7.c3 cxd4 8.cxd4 Bb4+
9.Nc3 a6 10.Nf3 Nb6 11.Bd3 Bd7 12.O-O Be7 13.a3 h6 14.Qe1 Na5 15.Bc2 Bb5
16.Nxb5 axb5 17.f5 Qc8 18.Qe2 exf5 19.Qxb5+ Qc6 20.Qxc6+ bxc6 21.Bxf5 Nb3
22.Rb1 c5 23.dxc5 Bxc5+ 24.Kh1 Ke7 25.Bc2 Nxc1 26.Rfxc1 Nc4 27.Bd3 Rhb8 28.Bxc4 dxc4
29.b4 Bb6 30.Ra1 Rc8 31.Rc3 Ra4 32.Rd1 Rca8 33.Rd6 Rxb4 34.h4 Rb1+  1/2-1/2

[Event "Voronezh Master Open"]
[Site "Voronezh RUS"]
[Date "2011.06.18"]
[Round "6.20"]
[White "Semenova,Ir"]
[Black "Provotorov,I"]
[Result "0-1"]
[WhiteElo "2236"]
[BlackElo "2396"]

1.e4 e6 2.d4 d5 3.Nc3 Nf6 4.e5 Nfd7 5.f4 c5 6.Nf3 Nc6 7.Be3 cxd4 8.Nxd4 Bc5
9.Qd2 O-O 10.O-O-O a6 11.h4 Nxd4 12.Bxd4 b5 13.Rh3 Bb7 14.h5 b4 15.Ne2 a5
16.Bxc5 Nxc5 17.Nd4 Ne4 18.Qe3 Rc8 19.Bd3 Qb6 20.Bxe4 dxe4 21.Rd2 Qc5 22.Qf2 Rfd8
23.h6 g6 24.Qh4 Rxd4 25.Qf6 Kf8 26.Qh8+ Ke7 27.Qf6+ Ke8 28.Qh8+ Kd7 29.Qf6 Rxd2
30.Qxf7+ Qe7 31.Qxe7+ Kxe7 32.Kxd2 e3+ 33.Rxe3 Bxg2 34.a3 Rc4 35.axb4 axb4
36.Rg3 Bd5 37.Rg1 Rxf4 38.Ra1 Bc6 39.Ra7+ Bd7 40.c3 bxc3+ 41.Kxc3 Ra4 42.Rb7 Rh4
43.b4 Rxh6 44.Kc4 Rh4+ 45.Kc5 Re4  0-1

[Event "Voronezh Master Open"]
[Site "Voronezh RUS"]
[Date "2011.06.19"]
[Round "7.36"]
[White "Kovtunenko,A"]
[Black "Baraeva,I"]
[Result "0-1"]
[WhiteElo "2199"]
[BlackElo "2161"]

1.e4 e6 2.d4 d5 3.Nc3 Nf6 4.e5 Nfd7 5.f4 c5 6.Nf3 Nc6 7.Be3 a6 8.Qd2 b5 9.dxc5 Bxc5
10.O-O-O Qb6 11.Bg1 O-O 12.Bd3 Nb4 13.Ng5 h6 14.Bh7+ Kh8 15.h4 f6 16.Bg6 fxe5
17.Bxc5 Nxc5 18.fxe5 Nc6 19.Rdf1 Bb7 20.Nf7+ Kg8 21.Nxd5 exd5 22.Qxd5 Ne7
23.Nxh6+ Kh8 24.Nf7+ Rxf7 25.Qxf7 Nxg6 26.Rf5 Nf8 27.Rh5+ Nh7 28.Rf1 Qe6
29.Qf2 Rc8 30.Kb1 Be4  0-1

[Event "ch-Commonwealth RSA-Open"]
[Site "Ekurhuleni RSA"]
[Date "2011.06.24"]
[Round "7.5"]
[White "Gluckman,D"]
[Black "Smerdon,D"]
[Result "0-1"]
[WhiteElo "2262"]
[BlackElo "2520"]

1.e4 e6 2.d4 d5 3.Nc3 Nf6 4.e5 Nfd7 5.f4 c5 6.Nf3 Nc6 7.Be3 cxd4 8.Nxd4 Bc5
9.Qd2 O-O 10.O-O-O a6 11.h4 Nxd4 12.Bxd4 b5 13.Rh3 b4 14.Na4 Bxd4 15.Qxd4 a5
16.Bb5 Rb8 17.Bd3 Qc7 18.Kb1 Bb7 19.h5 f6 20.exf6 Rxf6 21.Rh4 Qd6 22.b3 Bc6
23.Nb2 Qc5 24.Qxc5 Nxc5 25.Re1 Rc8 26.g3 Rf7 27.Rh2 Rf6 28.Rhe2 Be8 29.Re5 Bf7
30.Rh1 h6 31.Re3 Kf8 32.Nd1 Nxd3 33.Rxd3 Rf5 34.Ne3 Rxh5 35.Rxh5 Bxh5 36.f5 Bf3
37.fxe6 Be4 38.Rd2 Rc5 39.g4 g6 40.Kb2 Ke7 41.a3 Kxe6 42.axb4 axb4 43.Nd1 Ke5
44.c3 bxc3+ 45.Nxc3 Bf3 46.Rd3 Bxg4 47.b4 Bf5 48.Rd2 Rc4 49.Rxd5+ Ke6 50.Rb5 h5
51.Rb8 h4 52.Kb3 Rc7 53.b5 Kd6 54.Rh8 h3 55.Ne2 g5 56.Rh5 Bg4 57.Rh6+ Ke5
58.Ng1 Be6+ 59.Kb4 g4 60.b6 Rc2 61.b7 Rb2+ 62.Kc3 Rxb7 63.Kd3 Bf5+ 64.Ke3 Rb3+
65.Kd2 h2  0-1

[Event "49th National Challengers ch-IND"]
[Site "Aurangabad IND"]
[Date "2011.06.25"]
[Round "12"]
[White "Konguvel,P"]
[Black "Jaiswal,P"]
[Result "1-0"]
[WhiteElo "2402"]
[BlackElo "2262"]

1.e4 e6 2.d4 d5 3.Nc3 Nf6 4.e5 Nfd7 5.f4 c5 6.Nf3 Nc6 7.Be3 a6 8.Qd2 b5 9.a3 Qb6
10.Ne2 b4 11.axb4 cxb4 12.f5 exf5 13.Nf4 Ne7 14.Bd3 Nb8 15.c4 bxc3 16.bxc3 Nbc6
17.O-O h6 18.c4 Be6 19.c5 Qb7 20.Rfb1 Qc8 21.Rb6 a5 22.Bb5 Bd7 23.Qa2 Rb8
24.Nxd5 Nxd5 25.Qxd5 Rxb6 26.cxb6 Nb4 27.b7  1-0

[Event "TCh-FRA Final w Top 12"]
[Site "Port Marly FRA"]
[Date "2011.06.25"]
[Round "1"]
[White "Milliet,S"]
[Black "Frisk,E"]
[Result "1-0"]
[WhiteElo "2388"]
[BlackElo "2162"]

1.e4 e6 2.d4 d5 3.Nc3 Nf6 4.e5 Nfd7 5.f4 c5 6.Nf3 Nc6 7.Be3 a6 8.Qd2 b5 9.Be2 Qb6
10.Nd1 b4 11.c3 cxd4 12.cxd4 a5 13.O-O Ba6 14.Bxa6 Qxa6 15.Bf2 Nb6 16.b3 Rc8
17.Ne3 Be7 18.f5 Kd7 19.Bg3 Na8 20.f6 gxf6 21.exf6 Bxf6 22.Ng4 Bg7 23.Qf4 Rhf8
24.Qd6+ Ke8 25.Rac1 Qb7 26.Nge5 Nxe5 27.Rxc8+ Qxc8 28.Bxe5 Bxe5 29.Nxe5 Qc7
30.Qa6 Ke7 31.Nc6+ Kd7 32.Rc1 Qb6 33.Ne5+ Ke7 34.Qd3 Nc7 35.Rc6 Qb7 36.Qxh7 Nb5
37.Rc5 Nd6 38.Ng6+ Ke8 39.Nxf8 Kxf8 40.Qh8+ Ke7 41.Rxa5 Ne4 42.Qa8 Qxa8 43.Rxa8 Nc3
44.Kf2 f6 45.h4 e5 46.h5 Kf7 47.Ra7+ Kg8 48.dxe5 fxe5 49.g4 d4 50.Rd7 Ne4+
51.Kf3 Ng5+ 52.Ke2 Ne6 53.Re7 Nf4+ 54.Kd2  1-0

[Event "ch-Commonwealth RSA-Open"]
[Site "Ekurhuleni RSA"]
[Date "2011.06.29"]
[Round "7"]
[White "Gluckman,D"]
[Black "Smerdon,D"]
[Result "0-1"]
[WhiteElo "2262"]
[BlackElo "2520"]

1.e4 e6 2.d4 d5 3.Nc3 Nf6 4.e5 Nfd7 5.f4 c5 6.Nf3 Nc6 7.Be3 cxd4 8.Nxd4 Bc5
9.Qd2 O-O 10.O-O-O a6 11.h4 Nxd4 12.Bxd4 b5 13.Rh3 b4 14.Na4 Bxd4 15.Qxd4 a5
16.Bd3 Rb8 17.Kb1 Bb7 18.h5 f6 19.exf6 Rxf6 20.Rh4 b3 21.Qc5 Nxc5 22.Re1 Rc8
23.g3 Rf7 24.Rh2 Rf6 25.Rhe2 h6 26.Re3 Kf8 27.f5 g6 28.a3  0-1

[Event "ch-Commonwealth RSA-Open"]
[Site "Ekurhuleni RSA"]
[Date "2011.06.29"]
[Round "7"]
[White "Swathi,G"]
[Black "Ivana Maria,F"]
[Result "1/2-1/2"]
[WhiteElo "2317"]
[BlackElo "1999"]

1.e4 e6 2.d4 d5 3.Nc3 Nf6 4.e5 Nfd7 5.f4 c5 6.Nf3 Nc6 7.Be3 cxd4 8.Nxd4 Bc5
9.Qd2 O-O 10.O-O-O Bxd4 11.Bxd4 Qa5 12.Kb1 Rb8 13.h4 b5 14.Rh3 b4 15.Ne2 Ba6
16.Nc1 Bxf1 17.Rxf1 Rfc8 18.Nb3 Qb5 19.Qd3 a5 20.Qxb5 Rxb5 21.Be3 a4 22.Nd4 Nxd4
23.Bxd4 Nc5 24.Bxc5 Rbxc5 25.Rf2 Rc4 26.Re3 Rd4 27.Kc1 Rcc4 28.g3 Re4 29.Rfe2 Rxe3
30.Rxe3 h6 31.b3 Rd4  1/2-1/2

[Event "6th Dvorkovich Cup"]
[Site "Moscow RUS"]
[Date "2011.06.30"]
[Round "7.14"]
[White "Oparin,G"]
[Black "Igambergenov,A"]
[Result "1-0"]
[WhiteElo "2368"]
[BlackElo "2255"]

1.e4 e6 2.d4 d5 3.Nc3 Nf6 4.e5 Nfd7 5.f4 c5 6.Nf3 Nc6 7.Be3 Be7 8.Qd2 O-O
9.Be2 a6 10.O-O f6 11.exf6 Nxf6 12.Kh1 Qc7 13.dxc5 Ng4 14.Bg1 Qxf4 15.Qxf4 Rxf4
16.h3 Nh6 17.Bd3 Bd7 18.Rae1 Raf8 19.a3 R4f7 20.Re2 Nf5 21.Bxf5 Rxf5 22.Rd1 Bf6
23.Bh2 Rc8 24.Bd6 Na5 25.Rd3 Nc4 26.g4 Nxd6 27.cxd6 Rf4 28.Kg2 d4 29.Ne4 Bb5
30.g5 Bd8 31.Nxd4 Bxd3 32.cxd3 Kf7 33.Nf3 Rf5 34.d4 Rc1 35.Ne5+ Ke8 36.h4 Rd1
37.Nc5 Rff1 38.Nxe6 Rg1+ 39.Kf3 Rdf1+ 40.Ke4 Re1 41.Nxg7+ Kf8 42.Ne6+ Ke8
43.Rxe1 Rxe1+ 44.Kd5 Bb6 45.h5 Rg1 46.g6 hxg6 47.hxg6 Rg2 48.b4 a5 49.bxa5 Bxa5
50.a4 Bb6 51.Nc5 Rd2 52.Ke6 Bxc5 53.dxc5  1-0

[Event "38th ch-IND w Challengers"]
[Site "Chennai IND"]
[Date "2011.07.02"]
[Round "1"]
[White "Thookivakam,Pu"]
[Black "Pratyusha,B"]
[Result "0-1"]
[WhiteElo "1657"]
[BlackElo "2064"]

1.e4 e6 2.d4 d5 3.Nc3 Nf6 4.e5 Nfd7 5.f4 c5 6.Nf3 Nc6 7.Be3 Be7 8.Qd2 O-O
9.Be2 b6 10.O-O f6 11.exf6 Nxf6 12.Kh1 Qc7 13.Nb5 Qb8 14.c4 Rd8 15.Qc2 a6
16.Nc3 dxc4 17.dxc5 Nb4 18.Qb1 Nbd5 19.Nxd5 Nxd5 20.Bg1 b5 21.Ne5 Qc7 22.Bf3 Bxc5
23.Be4 h6 24.Bh7+ Kf8 25.Bxc5+ Qxc5 26.Qg6 Qc7 27.f5 exf5 28.Rxf5+ Bxf5 29.Qxf5+ Nf6
30.Ng6+ Kf7 31.Re1 Re8 32.Ne5+ Rxe5 33.Rxe5 Qd7 34.Bg6+ Kg8 35.Qxd7 Nxd7
36.Re7 Nc5 37.h3 Rd8 38.Re2 Nd3 39.Kh2 Nf4 40.Bf7+ Kxf7 41.Rf2 Rd4 42.g3 g5
43.gxf4 gxf4 44.Kg2 Kf6 45.Rc2 Kf5 46.b3 Ke4 47.bxc4 bxc4 48.Re2+ Kd3 49.Kf3 c3  0-1

[Event "ch-BEL"]
[Site "Antwerp BEL"]
[Date "2011.07.03"]
[Round "2.3"]
[White "Meessen,R"]
[Black "Hovhanisian,M"]
[Result "0-1"]
[WhiteElo "2291"]
[BlackElo "2479"]

1.e4 e6 2.d4 d5 3.Nc3 Nf6 4.e5 Nfd7 5.f4 c5 6.Nf3 Be7 7.Be3 Qb6 8.a3 a6 9.Be2 Nc6
10.dxc5 Bxc5 11.Na4 Qa5+ 12.b4 Qxa4 13.bxc5 O-O 14.O-O Qa5 15.Bd3 h6 16.Nd2 Nxc5
17.Nb3 Nxb3 18.cxb3 d4 19.Bd2 Qd5 20.Qh5 f5 21.g4 b5 22.gxf5 Bb7 23.Kf2 Ne7
24.Rg1 Nxf5 25.Bxf5 Rxf5 26.Rxg7+ Kxg7 27.Rg1+ Rg5 28.fxg5 Rf8+ 29.Ke1 Qxe5+
30.Qe2 Qxe2+ 31.Kxe2 h5 32.Rg3 e5 33.Bb4 Rf5 34.Bc5 Kg6 35.h4 Rf4 36.Rh3 Bc8
37.Rh1 Be6 38.b4 Bc4+ 39.Ke1 Rf3 40.Rh2 Rxa3 41.Rf2 Ra1+ 42.Kd2 Ra2+ 43.Ke1 Rxf2
44.Kxf2 Kf5 45.Be7 Ke6 46.Bf6 Bd3 47.Kf3 Bf5 48.Bd8 Kd5 49.Be7 Bg6 50.Bc5 a5  0-1

[Event "ch-NOR"]
[Site "Oslo NOR"]
[Date "2011.07.03"]
[Round "2"]
[White "Gabrielsen,T"]
[Black "Forsaa,E"]
[Result "0-1"]
[WhiteElo "2290"]
[BlackElo "2309"]

1.e4 e6 2.d4 d5 3.Nc3 Nf6 4.e5 Nfd7 5.f4 c5 6.Nf3 Nc6 7.Be3 Qb6 8.Na4 Qa5+
9.c3 cxd4 10.b4 Nxb4 11.cxb4 Bxb4+ 12.Bd2 Bxd2+ 13.Nxd2 O-O 14.Bd3 b5 15.Nb2 Nb6
16.Qc2 Nc4 17.Bxh7+ Kh8 18.Nxc4 bxc4 19.O-O d3 20.Bxd3 cxd3 21.Qxd3 Ba6 22.Qh3+ Kg8
23.Rf2 Rac8 24.f5 Rc3 25.Qg4 exf5 26.Qxf5 Qc5 27.h4 Qe3 28.Nf1 Qh6 29.Qd7 Bc4
30.Qxa7 Qxh4 31.Nd2 Qh5 32.Qe7 Re3 33.Nf3 Re4 34.a4 Be2 35.a5 Bxf3 36.Rxf3 Rxe5
37.Qc7 Rg5 38.Qf4 Qg6 39.Qd2 Rc8 40.Re1 Rh5 41.Rc1 Re8 42.Qf4  0-1

[Event "ch-POR w 2011"]
[Site "Vila Nova de Foz Coa POR"]
[Date "2011.07.04"]
[Round "4.4"]
[White "Ferreira,Ana"]
[Black "Albano Jeremias,B"]
[Result "1-0"]
[WhiteElo "1807"]
[BlackElo "1951"]

1.e4 e6 2.d4 d5 3.Nc3 Nf6 4.e5 Nfd7 5.f4 c5 6.Nf3 Nc6 7.Be3 cxd4 8.Nxd4 Bc5
9.Qd2 a6 10.O-O-O O-O 11.h4 Nxd4 12.Bxd4 b5 13.Bxc5 Nxc5 14.Qd4 Qb6 15.f5 b4
16.Ne2 exf5 17.Nf4 Be6 18.h5 h6 19.g4 fxg4 20.Rg1 Nd7 21.Nxe6 fxe6 22.Qxg4 Qe3+
23.Kb1 Qxe5 24.Bh3 Nc5 25.Rde1 Qf6 26.Qe2 Rae8 27.Rg6 Qe7 28.Reg1 Rf6 29.Rxg7+ Qxg7
30.Rxg7+ Kxg7 31.b3 Ref8 32.Qg4+ Kh8 33.Qxb4 Ne4 34.Qd4 Ng5 35.Bg4 Rf7 36.Be2 a5
37.Qa4 Rf2 38.Bd3 R2f4 39.Qxa5 Ne4 40.Kb2 Kg7 41.Qe1 Ng5 42.a4 R7f6 43.a5 Nf3
44.Qc3 d4 45.Qb4 e5 46.Bg6 Rxg6 47.hxg6 e4 48.Qd6 Rf6 49.Qe7+ Kxg6 50.Qxe4+ Kg5
51.Qb7 h5 52.a6 Rxa6 53.Qxa6 h4 54.Qf1 Kg4 55.Qg2+ Kf4 56.b4 Ng5 57.Qf2+ Nf3
58.b5 h3 59.b6  1-0

[Event "38th ch-IND w Challengers"]
[Site "Chennai IND"]
[Date "2011.07.05"]
[Round "5"]
[White "Divyasri,C"]
[Black "Madhurima,S"]
[Result "1-0"]
[WhiteElo "2123"]
[BlackElo "1854"]

1.e4 e6 2.d4 d5 3.Nc3 Nf6 4.e5 Nfd7 5.f4 c5 6.Be3 Nc6 7.Nf3 a6 8.Qd2 b5 9.Nd1 b4
10.Be2 a5 11.c4 dxc4 12.Bxc4 Bb7 13.O-O g6 14.d5 Nd4 15.Nxd4 cxd4 16.Bxd4 Bxd5
17.Bxd5 exd5 18.e6 Nf6 19.Bxf6 Qxf6 20.Qxd5 Rd8 21.Qc6+ Ke7 22.Qc7+ Ke8 23.exf7+ Qxf7
24.Qe5+  1-0

[Event "Naantalin Open"]
[Site "Naantali FIN"]
[Date "2011.07.05"]
[Round "2"]
[White "Koskinen,Riku"]
[Black "Tuominen,R"]
[Result "1/2-1/2"]
[WhiteElo "1970"]
[BlackElo "2293"]

1.e4 e6 2.d4 d5 3.Nc3 Nf6 4.e5 Nfd7 5.f4 c5 6.Nf3 Nc6 7.Be3 Qb6 8.Rb1 cxd4
9.Nxd4 Bc5 10.Ncb5 a6 11.Nd6+ Bxd6 12.exd6 Qb4+ 13.c3 Qxd6 14.Be2 O-O 15.O-O Nc5
16.Qc2 Bd7 17.Rbd1 Rac8 18.Bf3 f5 19.Nb3 Nxb3 20.axb3 b5 21.Qf2 Na5 22.b4 Nb7
23.g3 Rfe8 24.Bd4 a5 25.Be5 Qe7 26.Qb6 Bc6 27.bxa5 Nc5 28.b4 Nd7 29.Qd4 Nxe5
30.Qxe5 Kf7 31.Rfe1 Qf6 32.Rd3 Qxe5 33.Rxe5 Kf6 34.Kf2 g5 35.Ke3 Bd7 36.Kd2 Rc7
37.Rd4 h5 38.Re1 Rh8 39.h4 gxf4 40.gxf4 Rg8 41.Bxh5 Rgc8 42.Rc1 Rh8 43.Bf3 Rxh4
44.Rh1 Rxh1 45.Bxh1 Bc6 46.Bf3 Rh7 47.Be2 Rh3 48.Rd3 Rh4 49.Rg3 Kf7 50.Ke3 e5
51.Kd2 Rxf4 52.Rh3 d4 53.a6 dxc3+ 54.Kxc3 Rf2 55.Rh6 Rxe2 56.Rxc6 Ra2 57.Rb6 Ra3+
58.Kd2 Ra2+ 59.Kc3 Ra3+ 60.Kd2 Ke7 61.Rxb5 Kd6 62.Rb6+ Kd5 63.b5 f4 64.Rb7 e4
65.a7 f3 66.Re7 Ra2+ 67.Ke3 Ra3+ 68.Kf2 Ra2+ 69.Ke3 f2 70.a8=Q+ Rxa8 71.Kxf2 Rb8
72.Rh7 Rf8+ 73.Ke2  1/2-1/2

[Event "Karvina Open"]
[Site "Karvina CZE"]
[Date "2011.07.07"]
[Round "6.36"]
[White "Kostka,Vit"]
[Black "Horvath,Tomas"]
[Result "1-0"]
[WhiteElo "1708"]
[BlackElo "1487"]

1.e4 e6 2.d4 d5 3.Nc3 Nf6 4.e5 Nfd7 5.f4 c5 6.Nce2 cxd4 7.Nxd4 Bc5 8.c3 O-O
9.Bd3 Nc6 10.Ngf3 Qb6 11.Bxh7+ Kh8 12.Bc2 g6 13.h4 Kg7 14.h5 Rh8 15.h6+ Kf8
16.a4 a5 17.g4 Bxd4 18.Nxd4 Nxd4 19.Qxd4 Qxd4 20.cxd4 Nb6 21.b3 Bd7 22.Ba3+ Ke8
23.Bc5 Rc8 24.Bd3 Na8 25.Kd2 Bc6 26.Rhg1 b6 27.Bd6 Kd7 28.f5 gxf5 29.gxf5 Nc7
30.Rg7 Ke8 31.f6 b5 32.h7 bxa4 33.Rg8+ Kd7 34.Rxh8 Rxh8 35.Rg1 Rxh7 36.Bxh7 axb3
37.Rg7 b2 38.Ba3 Ke8 39.Bxb2 Nb5 40.Bg8 a4 41.Bxf7+ Kf8 42.Bxe6 a3 43.Bxa3+ Nxa3
44.Rg8+  1-0

[Event "Lev Polugaevsky Mem"]
[Site "Samara RUS"]
[Date "2011.07.07"]
[Round "3"]
[White "Dvoirys,S"]
[Black "Mokshanov,A"]
[Result "1-0"]
[WhiteElo "2554"]
[BlackElo "2372"]

1.e4 e6 2.d4 d5 3.Nc3 Nf6 4.e5 Nfd7 5.f4 c5 6.Nf3 Nc6 7.Be3 Be7 8.Qd2 O-O
9.Be2 b6 10.O-O f6 11.dxc5 Nxc5 12.exf6 Bxf6 13.Rad1 Bb7 14.Nd4 Qe7 15.Nxc6 Bxc6
16.Bd4 Rad8 17.Qe3 Bxd4 18.Rxd4 Qf6 19.g3 Rfe8 20.Rfd1 Re7 21.Bf3 Rf8 22.Bg2 Kh8
23.Re1 Rfe8 24.Rd2 h6 25.Qe5 Qxe5 26.Rxe5 Nd7 27.Re3 Nf6 28.Ne2 e5 29.fxe5 Rxe5
30.Rxe5 Rxe5 31.c4 Ne4 32.Nf4 Re8 33.Rd4 dxc4 34.Rxc4 Ba8 35.Rc7 a5 36.Ra7 Bc6
37.Ng6+ Kh7 38.Ne7 Ba8 39.h4 h5 40.Kh2 a4 41.Nf5 Bd5 42.Nxg7 Re5 43.Nxh5+ Kh6
44.Nf4 Bxa2 45.g4  1-0